000
00315 a2200097 4500
020
_a
9789364879552
100
_a
Ramachandra Guha, N. K. Bhoopesh, tr.
245
_a
Vimathar Britishrajinethire(വിമതർ ബ്രിട്ടീഷ് രാജിനെതിരെ)
260
_b
D C books
_c
2024
942
_c
OO
999
_c
115361
_d
115360